000 01002nam a22002177a 4500
003 JO-AjAnu
005 20251014092218.0
008 251013b jo ||||| |||| 00| 0 ara d
020 _a978-9923-46-073-3
022 _a4470/8/2022
040 _aANU
_cJO-AjAnu
041 _hARA
100 _aالجميلي، أثير محمد صبري
_eمؤلف
_966816
245 _aعلم التدريب الرياضي الحديث : طرائق واساليب تطبيقاته
_c / أثير محمد صبري الجميلي، أحمد عبد الأمير حمزة العلواني
260 _aعمان :
_bدار الوفاق للنشر والتوزيع،
_c2024
300 _a308 صفحة
500 _aيحتوي هذا الكتاب على صور واشكال توضيحية
650 _vالتدريب الرياضي-اساليب التدريب-التربية الرياضية
700 _aالعلواني، أحمد عبد الأمير حمزة
_eمؤلف مشارك
_966817
942 _2lcc
_cBK
_n0
999 _c34078
_d34078